000 01218cam a22001814a 4500
005 20250605163458.0
008 250528s ||||||||||||||||||||||||d
035 _a20157
020 _a946559457
040 _aGR-AtMCL
_bgre
_dGR-AtMCL
_eAACR2
245 1 _a1992 - The Single European Market
260 _bIfr Publishing Ltd,
_c1992
300 _a270
520 _aForeword, The Scope of this Study, Europe - One Complete Market, New Rules for a Market without Frontiers, Market Structure in the UK, Market Structure in the Federal Republic of Germany, Market Structure in France, Market Structure in the Netherlands, Community Objectives and Plans for Banking, Implementation of the New Banking Directive Constraints and Opportunities, Europe 1992 - the Implications for banks and financial services, Development in Spain, Implications of the Single European Act for Ireland, Implications of the Single European Act for Greece, Implications of the Single European Act for Portugal, Community Objectives and Plans for Insurance, The Luxemburgh Experience, Switzerland - a View from the Periphery, The Challenge for the European Financial Services Industry.
942 _cBK
999 _c5296
_d5296